书目信息 |
| 题名: |
沈阳历史建筑印迹
|
|
| 作者: | 陈伯超 , 余泓 主编 | |
| 分册: | ||
| 出版信息: | 北京 中国建筑工业出版社 [出版年不详] |
|
| 页数: | 331页 | |
| 开本: | 29cm | |
| 丛书名: | ||
| 单 册: | ||
| 中图分类: | K928.71-64 | |
| 科图分类: | ||
| 主题词: | 古建筑--沈阳--图集--英文 | |
| 电子资源: | ||
| ISBN: | 978-7-112-18208-4 | |
| 000 | 00925nam0 2200253 450 | |
| 001 | 0100005018 | |
| 005 | 20190308082048.83 | |
| 010 | @a978-7-112-18208-4@dCNY169.00 | |
| 100 | @a20160721d em y0chiy50 ea | |
| 101 | 0 | @aeng@gchi |
| 102 | @aCN@b110000 | |
| 105 | @aa z 001yy | |
| 200 | 1 | @a沈阳历史建筑印迹@Ashen yang li shi jian zhu yin ji@dHistorical building marks in Shenyang@fChen Bochao,Yu Hong[主编]@zeng |
| 210 | @a北京@c中国建筑工业出版社@d[出版年不详] | |
| 215 | @a331页@c图@d29cm | |
| 300 | @a国家“十二五”科技支撑计划项目(项目号:2012BAJ14B00) | |
| 333 | @a建筑文化爱好者,建筑史研究者、文物收藏者、文物保护专家和志愿者 | |
| 510 | 1 | @aHistorical building marks in Shenyang@zeng |
| 606 | 0 | @a古建筑@y沈阳@j图集@x英文 |
| 690 | @aK928.71-64@v5 | |
| 701 | 0 | @a陈伯超@Achen bo chao@4主编 |
| 701 | 0 | @a余泓@Ayu hong@4主编 |
| 801 | 0 | @aCN@c201701015 |
| 905 | @a河南城建学院图书馆@dK928.71-64@eC370 | |
| 沈阳历史建筑印迹=Historical building marks in Shenyang/Chen Bochao,Yu Hong[主编].-北京:中国建筑工业出版社,[出版年不详] |
| 331页:图;29cm |
| 国家“十二五”科技支撑计划项目(项目号:2012BAJ14B00).-使用对象:建筑文化爱好者,建筑史研究者、文物收藏者、文物保护专家和志愿者 |
| ISBN 978-7-112-18208-4:CNY169.00 |
| ● |
| 相关链接 |
|
|
|
正题名:沈阳历史建筑印迹
索取号:K928.71-64/C370
 
预约/预借
| 序号 | 登录号 | 条形码 | 馆藏地/架位号 | 状态 | 备注 |
| 1 | 1243745 | 212437451 | 社科库309/309社科库 18排2列6层/ [索取号:K928.71-64/C370] | 在馆 | |
| 2 | 1361176 | 213611769 | 社科库309/309社科库 18排2列6层/ [索取号:K928.71-64/C370] | 在馆 |